Lenin and philosophy and other essays tr by Ben Brewster (Record no. 996344)

MARC details
000 -LEADER
fixed length control field 00933nam a2200289Ia 4500
003 - CONTROL NUMBER IDENTIFIER
control field OSt
005 - DATE AND TIME OF LATEST TRANSACTION
control field 20221005090756.0
008 - FIXED-LENGTH DATA ELEMENTS--GENERAL INFORMATION
fixed length control field 221004b |||||||| |||| 00| 0 eng d
020 ## - INTERNATIONAL STANDARD BOOK NUMBER
International Standard Book Number 1583670394
037 ## - SOURCE OF ACQUISITION
Terms of availability Textual
040 ## - CATALOGING SOURCE
Original cataloging agency CRL
Transcribing agency CRL
Language of cataloging eng
041 ## - LANGUAGE CODE
Source of code eng
Language code of text/sound track or separate title eng
100 ## - MAIN ENTRY--PERSONAL NAME
Personal name Althusser Louis
245 #0 - TITLE STATEMENT
Title Lenin and philosophy and other essays tr by Ben Brewster
260 ## - PUBLICATION, DISTRIBUTION, ETC.
Place of publication, distribution, etc. New York
Name of publisher, distributor, etc. Monthly Review Press U. S. A.
Date of publication, distribution, etc. 2001
300 ## - PHYSICAL DESCRIPTION
Extent 173p.
Dimensions cm.
650 ## - SUBJECT ADDED ENTRY--TOPICAL TERM
Topical term or geographic name entry element RUSSIA - HISTORY
650 ## - SUBJECT ADDED ENTRY--TOPICAL TERM
Topical term or geographic name entry element LENIN, VLADIMIR
9 (RLIN) 615584
650 ## - SUBJECT ADDED ENTRY--TOPICAL TERM
Topical term or geographic name entry element PHILOSOPHERS
700 ## - ADDED ENTRY--PERSONAL NAME
Personal name Brewster Ben Tr.
942 ## - ADDED ENTRY ELEMENTS (KOHA)
Classification part V58y7M70:g(R), P1
Koha item type Textual
Source of classification or shelving scheme
Holdings
Withdrawn status Lost status Damaged status Not for loan Home library Current library Date acquired Source of acquisition Cost, normal purchase price Total Checkouts Full call number Barcode Date last seen Cost, replacement price Price effective from Koha item type
        Central Library Central Library 2022-10-05 5991, 30/03/2005, Elite Publishers Distributors 1169.56   V58y7M70:g(R) P1 CL1212559 2022-10-05 1169.56 2022-10-05 Textual
Copyright @ Delhi University Library System